Psychoanalysing ambivalence with Freud and Lacan : on and off the couch /

Bibliographic Details
Main Authors: Owens, Carol (Psychoanalyst) (Author), Swales, Stephanie S. (Author)
Corporate Author: Taylor & Francis
Format: eBook
Language:English
Published: Abingdon, Oxon ; New York, NY : Routledge, 2020.
Subjects:
Online Access:Connect to the full text of this electronic book

MARC

Tag First Indicator Second Indicator Subfields
LEADER 00000cam a22000001i 4500
001 in00004160661
005 20200420143853.0
006 m |o d |
007 cr |n|||||||||
008 200220t20202020enk ob 001 0 eng d
020 |a 9780429448652 (electronic bk.) 
020 |a 0429448651 (electronic bk.) 
020 |z 9781138328440 
020 |z 1138328448 
020 |z 9781138328457 
020 |z 1138328456 
024 8 |a 40029738687 
035 |a (NhCcYBP)ybp16424803 
040 |a NhCcYBP  |c NhCcYBP  |d UtOrBLW 
050 4 |a BF575.A45  |b O94 2020 
082 0 4 |a 150.19/5  |2 23 
100 1 |a Owens, Carol  |c (Psychoanalyst),  |e author.  |0 http://id.loc.gov/authorities/names/n2017188390 
245 1 0 |a Psychoanalysing ambivalence with Freud and Lacan :  |b on and off the couch /  |c Stephanie Swales and Carol Owens. 
264 1 |a Abingdon, Oxon ;  |a New York, NY :  |b Routledge,  |c 2020. 
264 4 |c ©2020 
300 |a 1 online resource. 
336 |a text  |b txt  |2 rdacontent 
337 |a computer  |b c  |2 rdamedia 
338 |a online resource  |b cr  |2 rdacarrier 
504 |a Includes bibliographical references and index. 
588 |a Description based on print version record. 
500 |a Electronic resource. 
650 0 |a Ambivalence.  |0 http://id.loc.gov/authorities/subjects/sh85004151 
650 0 |a Psychoanalysis.  |0 http://id.loc.gov/authorities/subjects/sh85108411 
600 1 0 |a Freud, Sigmund,  |d 1856-1939.  |0 http://id.loc.gov/authorities/names/n79043849 
600 1 0 |a Lacan, Jacques,  |d 1901-1981.  |0 http://id.loc.gov/authorities/names/n80022983 
655 7 |a Electronic books.  |2 local 
700 1 |a Swales, Stephanie S.,  |e author.  |0 http://id.loc.gov/authorities/names/n2012014593 
710 2 |a Taylor & Francis.  |0 http://id.loc.gov/authorities/names/n84073022 
776 1 8 |c Original  |z 9781138328440  |z 1138328448  |z 9781138328457  |z 1138328456  |w (DLC) 2019038842 
856 4 0 |u http://proxy.library.tamu.edu/login?url=https://www.taylorfrancis.com/books/9780429448652  |z Connect to the full text of this electronic book  |t 0 
955 |a YBP purchased approval e-records 
980 |b 175.00  |g 1 
999 f f |s 42377d75-6e24-327b-8db2-a4aefa2f3f5b  |i 4cea7574-9602-3fa2-9207-d0def3b1dc69  |t 0 
952 f f |a Texas A&M University  |b College Station  |c Electronic Resources  |d Available Online  |t 0  |e BF575.A45 O94 2020  |h Library of Congress classification 
998 f f |a BF575.A45 O94 2020  |t 0  |l Available Online